LEADER 01397nam a2200301 a 4500 001 000000133579 003 CaOOAMICUS 005 20130416172527.0 008 130416s2013 be u000 u eng r 020 $a978-90-429-2741-4 040 $aPUL$bita 245 00$aReligious modernism in the low countries /$cedited by Leo Kenis, Ernestine Van Der Wall. 260 $aLeuven, Paris, Walpole (MA) :$bPeeters,$c2013. 300 $aVIII, 271 p. ;$c25 cm. 490 1 $aBibliotheca Ephemeridum theologicarum Lovaniensium ;$v255 500 $aContiene gli atti delle due conferenze tenutesi a Leida nel 2003 ed a Lovanio nel 2008. 504 $aBibliografia in nota. 650 4$aModernismo$zPaesi Bassi.$0(OLS)http://pul/subject/39534 700 1 $aVan Der Wall, Ernestine.$0(OLS)http://pul/name/86056 700 1 $aKenis, Leo,$d1953-$0(OLS)http://pul/name/6644 830 0$aBibliotheca Ephemeridum theologicarum Lovaniensium ;$v255.$0(OLS)http://pul/title/1445 850 $aPUL 852 $aPUL$W1$xSL Religione 1$y3$m17 A 255$j153511$qStampati$B153082$CPULBib$Z2$F153082 $H122209 $82 941 1 $a8 996 $6020$a978-90-429-2741-4$9(OLS)http://pul/number/152445 996 $6245$aReligious modernism in the low countries$9(OLS)http://pul/title/168838 996 $6260$aLeuven, Paris, Walpole (MA) :$bPeeters$9(OLS)http://pul/publisher/80881 LEADER 02161nam a2200385 u 4500 001 000000013143 003 CaOOAMICUS 005 20150915145647.0 008 940517s1978 it u000 u ita u 035 $a10315684 040 $aPUL(R)$bita 111 2 $aConvegno sul tema La parola di Dio nella Chiesa oggi$d(1978 :$cRoma).$0(OLS)http://pul/name/12415 245 10$aIncontro con la Bibbia :$bleggere, pregare, annunciare : convegno di aggiornamento, Facoltà di teologia della Università Pontificia Salesiana, Roma, 2-5 gennaio 1978 /$ca cura di Giorgio Zevini. 260 $aRoma :$bLAS,$cc1978. 300 $a327 p.$c25 cm 490 1 $aStudi di teologia pastorale ;$v3 490 1 $aBiblioteca di scienze religiose (Libreria Ateneo salesiano) ;$v23 630 04$aBiblia$vCongressi.$0(OLS)http://pul/subject/9582 700 1 $aZevini, Giorgio.$0(OLS)http://pul/name/12416 710 2 $aPontificia Università Salesiana.$bFacoltà di teologia.$kTesi.$0(OLS)http://pul/name/12417 830 0$aBiblioteca di scienze religiose (Libreria Ateneo salesiano) ;$v23.$0(OLS)http://pul/title/491 830 0$aStudi di teologia pastorale ;$v3.$0(OLS)http://pul/title/18983 850 $aPUL 852 $aPUL$W1$xSL Religione 1$y3$m1 G 37$j18554$nBK-PRI$b $qStampati$B18554$CPULBib$Z2$F18554 $H $81 852 $aPUL$W1$xCollocazioni Temporanee$y24$mGP2 A I.4$j18555$nBK-PRI$b $qStampati$B18555$CPULBib$Z2$F18555 $H $81 852 $aPUL$W1$xDP1 Fondo S. Lanza$y121$m3 O 22.23$j168626$qFondi$B169244$CPULBib$Z2$F169244 $HLAN257 $82 941 1 $a8 941 1 $a1 961 $aINV: 45894 961 $aINV: 0004 961 $aNota ms. di possesso: Sergio Lanza 983 0$aNuova biblioteca di scienze religiose. 983 0$aBiblioteca di scienze religiose (LAS) 996 $6245$aIncontro con la Bibbia :$bleggere, pregare, annunciare : convegno di aggiornamento, Facoltà di teologia della Università Pontificia Salesiana, Roma, 2-5 gennaio 1978$9(OLS)http://pul/title/18982 996 $6260$aRoma :$bLAS$9(OLS)http://pul/publisher/48069